|
|
|
|
| LEADER |
00867nam a22002297a 4500 |
| 001 |
30598 |
| 003 |
BD-DhAAL |
| 005 |
20241121104713.0 |
| 008 |
151130s1989 bg ||||| |||| 00| 0 eng d |
| 040 |
|
|
|a BD-DhAAL
|c BD-DhAAL
|
| 082 |
|
|
|2 22
|a 362.1095492
|
| 245 |
|
|
|a Health studies,
|n Volume IV.
|
| 260 |
|
|
|a Dhaka :
|b BRAC,
|c 1989.
|
| 300 |
|
|
|a 33 pages :
|c 28 cm.
|
| 362 |
|
|
|a Vol. 4
|
| 541 |
|
|
|a Complimentary copy from BRAC
|e 30598
|
| 650 |
|
|
|a Rural poor
|x Medical care
|z Bangladesh.
|9 16540
|
| 710 |
|
|
|a BRAC
|9 16541
|
| 852 |
|
|
|a Ayesha Abed Library
|c BRAC Resource Section
|
| 942 |
|
|
|2 ddc
|c BK
|
| 999 |
|
|
|c 36316
|d 36316
|
| 952 |
|
|
|0 0
|1 0
|2 ddc
|4 0
|6 362_109549200000000_HEA
|7 1
|8 RPT
|9 57094
|a BRACUL
|b BRACUL
|c BRS
|d 2015-11-30
|e Complimentary copy from BRAC
|l 0
|o 362.1095492 HEA
|p 3010030598
|r 2015-11-30
|t 1
|w 2015-11-30
|y BK
|x Complimentary copy from BRAC; Price not available in register.
|